समाज, दर्शन और राजनीति / (Record no. 2551)

MARC details
000 -LEADER
fixed length control field 00630 a2200157 4500
010 ## - LCCN (DPL NO)
LC control number HIN-78407
020 ## - INTERNATIONAL STANDARD BOOK NUMBER
International Standard Book Number 8188134538
Terms of availability 500.00
035 ## - SYSTEM CONTROL NUMBER
System control number HN-50853
037 ## - SOURCE OF ACQUISITION
Source of stock number/acquisition DBAD/PUB
082 ## - DEWEY DECIMAL CLASSIFICATION NUMBER
Classification number 828
100 ## - MAIN ENTRY--PERSONAL NAME
Personal name मौर्य, श्यामवृक्ष
245 ## - TITLE STATEMENT
Title समाज, दर्शन और राजनीति /
Statement of responsibility, etc श्यामवृक्ष मौर्य
260 ## - PUBLICATION, DISTRIBUTION, ETC. (IMPRINT)
Place of publication, distribution, etc नई दिल्ली
Name of publisher, distributor, etc सत्यम् पब्लिशिंग हाऊस
Date of publication, distribution, etc 2006
300 ## - PHYSICAL DESCRIPTION
Extent 304पृ.
Dimensions 22सेमी(सजिल्द)
942 ## - ADDED ENTRY ELEMENTS (KOHA)
Institution code [OBSOLETE] dpl
Item type Hindi Books
Source of classification or shelving scheme Dewey Decimal Classification
Classification part 828
Call number suffix मौर्यश्या
Holdings
Withdrawn status Lost status Not for loan Collection code Home library Current library Date acquired Source of acquisition Cost, normal purchase price Full call number Barcode Copy number Cost, replacement price Koha item type
    Not For Loan Non-fiction D.B.Act.Division D.B.Act.Division   DBAD/PUB 500.00 828 मौर्यश्या HN-50853 1 500.00 Hindi Books

© Delhi Public Library
Hit Counter
free hit counter